Krach kommunizma i reakcija mirovogo soobščestva.

Genéza vzniku komunizmu v Rusku a jeho interpretácie vzťahu ekonomiky a moci. Príčiny krachu sovietskej moci a poučenie z neho. Prekážky na ceste ku demokracii (centralizmus, paternalizmus, ..). Reakcia svetového spoločenstva na zmeny vo východnej Európe a Rusku. Formy zahraničnej pomoci. Štruktúrna...

Ausführliche Beschreibung

Gespeichert in:
Bibliographische Detailangaben
1. Verfasser: Attali, J.
Format: Buchkapitel
Sprache:Russisch
Schlagworte:
Tags: Tag hinzufügen
Keine Tags, Fügen Sie das erste Tag hinzu!

MARC

LEADER 00000naa a2200000 4500
001 r010959
005 20221208123256.8
041 0 |a rus 
044 |a [SU] 
245 1 0 |a Krach kommunizma i reakcija mirovogo soobščestva.  |c J. Attali 
520 |a Genéza vzniku komunizmu v Rusku a jeho interpretácie vzťahu ekonomiky a moci. Príčiny krachu sovietskej moci a poučenie z neho. Prekážky na ceste ku demokracii (centralizmus, paternalizmus, ..). Reakcia svetového spoločenstva na zmeny vo východnej Európe a Rusku. Formy zahraničnej pomoci. Štruktúrna prestavba a privatizácia. Priame zahraničné investície. Rozvoj obchodu. 
610 2 0 |a vzťah politiky a ekonomiky 
610 2 0 |a dejiny myslenia ekonomického 
610 2 0 |a zmeny štruktúrne 
610 2 0 |a reformy hospodárske 
610 2 0 |a Rusko 
610 2 0 |a východná Európa 
610 2 0 |a stredná Európa 
610 2 0 |a pomoc medzinárodná 
610 2 0 |a privatizácia 
610 2 0 |a obchod 
610 2 0 |a investície zahraničné 
610 2 0 |a komunizmus 
610 2 0 |a demokracia 
610 2 0 |a svet 
100 1 |a Attali, J.